| 000 | 01186nam a2200373 c 4500 | ||
|---|---|---|---|
| 001 | 15137 | ||
| 003 | ES-MaCES | ||
| 005 | 20141221122341.0 | ||
| 008 | 030618s2003 sp a t 000 | spa d | ||
| 017 |
_aB 3768-2003 _bDL |
||
| 020 | _a8476586569 | ||
| 035 | _aCES20030007827m | ||
| 040 |
_aES-MaCES _bspa _cES-MaCES |
||
| 100 | 1 |
_aGarreta Bochaca, Jordi _913128 |
|
| 245 | 1 | 3 |
_aLa integración sociocultural de las minorias étnicas _b: (gitanos e inmigrantes) _cJordi Garreta Bochaca |
| 250 | _a1ª ed | ||
| 260 |
_aRubí (Barcelona) _bAnthropos _c2003 |
||
| 300 |
_a280 p. _c20 cm |
||
| 490 | 1 |
_aAutores, textos y temas. Ciencias sociales _v35 |
|
| 504 | _aBibliografía: p. 347-377 | ||
| 541 | _cCompra | ||
| 650 | 4 |
_agitano _928592 |
|
| 650 | 4 |
_ainmigrante _928631 |
|
| 650 | 4 |
_agrupo minoritario _927311 |
|
| 650 | 4 |
_agrupo étnico _928524 |
|
| 650 | 4 |
_adiscriminación racial _927190 |
|
| 650 | 4 |
_aintegración social _927283 |
|
| 650 | 4 |
_aEspaña _926964 |
|
| 653 | 1 | 0 | _aAsuntos Sociales |
| 830 | 0 |
_aAutores, textos y temas _pCiencias sociales _v35 _933853 |
|
| 902 | _aLIB Libro | ||
| 942 |
_2CES _cBK _h3.3. |
||
| 999 |
_c15137 _d15137 |
||